| 000 | 00551nam a2200169Ia 4500 | ||
|---|---|---|---|
| 008 | 090124s9999 xx 000 0 und d | ||
| 082 | _b104814 | ||
| 100 | _aदास अं.वि. | ||
| 245 | _a अभ्यास मंत्र आणि तंत्र | ||
| 250 | _a1 | ||
| 300 | _a2+331 | ||
| 600 | _aदास अं.वि. | ||
| 630 | _a अभ्यास मंत्र आणि तंत्र | ||
| 700 | _aदास अं.वि. | ||
| 730 | _a अभ्यास मंत्र आणि तंत्र | ||
| 942 | _cBOOK | ||
| 999 |
_c150906 _d150906 |
||